Los cien años del Círculo Mallorquín (Record no. 138502)
[ view plain ]
| 000 -LEADER | |
|---|---|
| campo de control de longitud fija | 00558nam a2200169 4500 |
| 001 - NÚMERO DE CONTROL | |
| campo de control | 138502 |
| 003 - IDENTIFICADOR DE NÚMERO DE CONTROL | |
| campo de control | ES-MaACL |
| 005 - FECHA Y HORA DE LA ÚLTIMA TRANSACCIÓN | |
| campo de control | 20230906195558.0 |
| 007 - CAMPO FIJO DE DESCRIPCIÓN FÍSICA--INFORMACIÓN GENERAL | |
| campo de control de longitud fija | t| |
| 008 - DATOS DE LONGITUD FIJA--INFORMACIÓN GENERAL | |
| campo de control de longitud fija | 070214s1951 sp r ||||1| spa d |
| 100 1# - ENTRADA PRINCIPAL--NOMBRE DE PERSONA | |
| Nombre de persona | Sanmartín Perea, Julio. |
| 9 (RLIN) | 103186 |
| 245 14 - MENCIÓN DEL TÍTULO | |
| Título | Los cien años del Círculo Mallorquín |
| Resto del título | : (1851-1951) / |
| Mención de responsabilidad, etc. | Julio Sanmartín Perea. |
| 250 ## - MENCION DE EDICION | |
| Mención de edición | Ed. del centenario. |
| 260 ## - PUBLICACIÓN, DISTRIBUCIÓN, ETC. | |
| Lugar de publicación, distribución, etc. | Palma de Mallorca : |
| Nombre del editor, distribuidor, etc. | [s. n.], |
| Fecha de publicación, distribución, etc. | 1951 ( |
| Fabricante | Imp. Mossèn Alcover) |
| 300 ## - DESCRIPCIÓN FÍSICA | |
| Extensión | VIII, 150 p., 9 lám. : |
| Otras características físicas | il. ; |
| Dimensiones | 17 cm. |
| 852 ## - LOCALIZACIÓN | |
| Ubicación | ES-MaACL |
| Número de control de estantería | D-8153 |
| Sublocalización o colección | R.32271 |
| Estatus retirado | Estado de pérdida | Estado de daño | No para préstamo | Biblioteca de origen | Biblioteca actual | Ubicación en estantería | Fecha de adquisición | Fuente de adquisición | Total de préstamos | Signatura topográfica completa | Código de barras | Visto por última vez | Precio de reemplazo | Tipo de ítem Koha |
|---|---|---|---|---|---|---|---|---|---|---|---|---|---|---|
| Biblioteca del Ateneo de Madrid | Biblioteca del Ateneo de Madrid | Sala Valle Inclán | 17/01/2008 | D-8153 | 901144121 | 23/02/2023 | 23/02/2023 | Libro impreso |
